Gaming Quiz

Random Gaming or Country Quiz
Score 0/15 Timer 03:00
4 Plays Today
Country % Correct
Brazil
86.9%
China
85.3%
Japan
82.1%
Argentina
76.1%
India
76%
Egypt
71.9%
South Africa
70%
Peru
61.3%
Country % Correct
Iceland
59.2%
Ukraine
56.4%
Indonesia
53.8%
Madagascar
53.8%
Mongolia
51.9%
Venezuela
51%
Afghanistan
39.8%

You're not logged in!

Compare scores with friends on all Sporcle quizzes.
OR
Log In

From the Vault

Just Pick One: Short Stories

by druhutch

Win or lose, you're still going to come up short.
Remove Ads.
Support Sporcle.
Get the best of Sporcle when you Go Orange. This ad-free experience offers more features, more stats, and more fun while also helping to support Sporcle. Thank you for becoming a member.

Show Comments

Extras

Top Quizzes Today


Score Distribution

Your Account Isn't Verified!

In order to create a playlist on Sporcle, you need to verify the email address you used during registration. Go to your Sporcle Settings to finish the process.

Report this User

Report this user for behavior that violates our Community Guidelines.

Details: